000 01011nas a2200265 4500
001 BR2012003427
003 BR-BrBNA
005 20231205120543.0
007 ta
008 230509b bl.|||p| |||| 00| 00por d
040 _aBR-BrBNA
_bpor
_cBiblioteca Nacional de Agricultura
041 _a(Pt)
072 _aF70
100 1 _aCarmo, M.R.B. do
100 1 _aAssis, M.A. de
245 1 _aCaracterização florística e estrutural das florestas naturalmente fragmentada no Parque Estadual do Guartelá, município de Tibagi, estado do Paraná
246 1 _aStructural and floral characterization of the naturally fragmented forests in the Parque Estadual do Guartelá, Tibagy municipality, Paraná, Brazil
650 _aPARQUE ESTADUAL
650 _aFLORA
650 _aREGENERAÇÃO NATURAL
650 _aPARANÁ
773 0 _tActa Botanica Brasilica (Brazil)
_xISSN 0102-3306
_g(Jan-Mar 2012), v. 26(1) p. 133-145
_wBR2012003427
909 _a202311
_bLúcia
_c55
_dLúcia Elande
942 _2AGRIS
_n0
_cANA
999 _c219095
_d219095